00955nam a2200241Ia 4500003000900000008004100009020001800050040001600068080002200084111007600106245024100182260004200423300001400465490002600479500002600505650004100531650002000572650001900592650000800611700002700619700002900646710003800675IN-BaIIA211028s9999 xx 000 0 eng d a90-277-1120-8 cIIA Library a082.2:52bIAU-S86 aInternational Astronomical Union Symposiumn86thcUSAd1979 Aug. 7 - 10 0aRadio physics of the sunbproceedings of the International Astronomical Union Symposium No. 86, held in College Park MD USA, August 7 - 10, 1979cedited by Mukul Ranjan Kundu and Tomas E. Gergely  aDordrechtbD. Reidel Publishingc1980 axx, 475p. aIAU Symposium; no. 86 aDonated by Mrs. Bappu aAstronomy and Astrophysics Thesaurus aRadio Astronomy aSolar Activity aSun aGergely, Tomas E., ed. aKundu, Mukul Ranjan, ed. aInternational Astronomical Union